Znani polscy aktorzy - Statystyki

Ogólne statystyki
  • Ten quiz został rozwiązany 276 razy
  • Średni wynik to 6 z 10
Statystyki odpowiedzi
Podpowiedź Aktor % Poprawnych
Grał ferdka w serialu "Świat według Kiepskich" Andrzej Grabowski
91%
Grał głównego bohatera w filmie "Kiler" Cezary Pazura
91%
Dubbingował osła w filmie "Shrek" Jerzy Stuhr
85%
Grał Karola Wojtyłę w filmie "Karol. Człowiek, który został papieżem" Piotr Adamczyk
85%
Grała Ewę Szańska w filmie "Kiler" Małgorzata Kożuchowska
56%
Znany z roli Sylwusia w filmie "Dzień Świra" Michał Koterski
53%
Jest najbardziej znany z dubbingu zielonego ogra w filmie "Shrek" Zbigniew Zamachowski
51%
Wcieliła się w główną bohaterkę w serialu BrzydUla Julia Kamińska
49%
Grał Wojciecha Kamińskiego w serii filmów "Listy do M" Wojciech Malajkat
35%
Wystąpił w filmie "Seksmisja" jako Albercik Olgierd Łukaszewicz
30%
Nie znaleziono quizów pasujących do podanych kryteriów
Rozkład punktacji
Procent ludzi z każdym wynikiem
Percentyl według liczby udzielonych odpowiedzi
Twoja historia wyników
Nie rozwiązałeś tego quizu